Pays qui Possédaient Alger à travers l'histoire - Statistiques

Statistiques générales
  • Ce quiz a été pris 134 fois
  • Le résultat moyen est 7 sur 20
Statistiques - réponses
Période Pays % Correct
1830 - 1962 France
98%
1962 - Aujourd'hui Algérie
85%
-29 - 395 Empire Romain
71%
1516 - 1830 Empire Ottoman
69%
1510 - 1516 Royaume d'Espagne des Habsbourgs
50%
-46 / -29 République Romaine
40%
-814 / -202 Carthage
37%
543 - 647 Empire Byzantin
37%
1940 - 1942 Régime de Vichy
37%
1942 - 1945 France Libre
33%
647 - 750 Califat Omeyyades
27%
750 -909 Califat Abbassides
24%
-202 / -46 Royaume de Numidie
22%
395 - 430 Empire Romain d'Occident
20%
430 -534 Royaume Vandale
19%
909 - 947 Califat Fatimides
14%
1236 - 1516 Royaume de Tlemcen
12%
1152 - 1236 Almohades
11%
947 - 1014 Zirides
5%
1014 - 1152 Hammadides
4%
Aucun quiz correspondant
Distribution des résultats
% des personnes avec chaque résultat
Percentile par nombre de réponses
Votre historique - résultats
Vous n’avez pas pris ce quiz